[Event "XIII MIEDZYNARODOWY FESTIWAL SZACHOWY PERLA BALTYKU - GRUPA A"]
[Site "LAZY - OW BRYZA"]
[Date "1899-12-30"]
[Round "1.28"]
[White "Kostecka, Marika"]
[Black "Pisarek, Jan"]
[Result "1/2-1/2"]
[WhiteTitle "I++"]
[BlackTitle "II"]
[WhiteElo "1809"]
[BlackElo "1318"]

1. e4 c5 2. Nf3 d6 3. d4 cxd4 4. Nxd4 Nf6 5. Nc3 g6 6. f3 Bg7 7. Be3 O-O 8. g4
h5 9. g5 Nfd7 10. f4 Nc6 11. Qd2 a6 12. O-O-O Qc7 13. Nd5 Qd8 14. f5 Nde5 15.
fxg6 fxg6 16. Nf4 Nxd4 17. Qxd4 Kh7 18. Qd5 Ng4 19. Bd2 Nf2 20. Be2 Nxd1 21. Bxh5
Rxf4 22. Bxf4 Qf8 23. Bd2 Nxb2 24. h4 e6 25. Bxg6+ Kxg6 26. h5+ Kh7 27. Qb3 Kg8
28. h6 Be5 29. Kb1 b5 30. Bc3 Nc4 31. g6 Ra7 32. Bxe5 Nxe5 33. Qe3 Rb7 34. g7
Rxg7 35. hxg7 Qxg7 36. Rg1 Ng6 37. Qg3 Kf7 38. Qxd6 Qf6 39. Qc7+ Ne7 40. e5 Qf5
41. Rd1 Qf3 42. Rd3 Qc6 43. Qxc6 Nxc6 44. Re3 Bd7 45. Rf3+ Kg6 46. Ra3 a5 47.
Kb2 Nxe5 48. Rc3 Nc4+ 49. Kb3 Kf6 50. Rd3 Bc6 51. a4 Bd5 52. Rd4 b4 53. c3 Nb6+
54. Kc2 b3+ 55. Kb2 Ke5 56. Ka3 Bc4 57. Rd8 Bd5 58. Rb8 Nd7 59. Rb5 Ke4 60. Rxa5
Kd3 61. Kb2 Nb6 62. Ra6 Nxa4+ 63. Rxa4 e5 64. Ra5 Kc4 65. Ra4+ Kd3 66. Ra5 Kc4
1/2-1/2

[Event "XIII MIEDZYNARODOWY FESTIWAL SZACHOWY PERLA BALTYKU - GRUPA A"]
[Site "LAZY - OW BRYZA"]
[Date "1899-12-30"]
[Round "2.1"]
[White "Kaczmarek, Aleksander"]
[Black "Lada, Ireneusz"]
[Result "1-0"]
[WhiteTitle "FM"]
[BlackTitle "k"]
[WhiteElo "2363"]
[BlackElo "1916"]

1. e4 c6 2. d4 d5 3. e5 Bf5 4. Ne2 e6 5. Ng3 Bg6 6. h4 h5 7. Ne2 f6 8. Nf4 Bf7
9. Bd3 Ne7 10. Qe2 fxe5 11. dxe5 Nd7 12. Nd2 Nc5 13. Nf3 Nxd3+ 14. Qxd3 Nf5 15.
Ng5 Qd7 16. Bd2 O-O-O 17. O-O-O Bc5 18. f3 Rde8 19. Rh3 Re7 20. g4 hxg4 21. fxg4
Nh6 22. Rg3 Bf2 23. Rg2 Bxh4 24. Nxf7 Nxf7 25. Ng6 Ree8 26. Rh1 Bg5 27. Nxh8 Bxd2+
28. Qxd2 Nxh8 29. Rf2 Qe7 30. Rhf1 Ng6 31. Rf7 Rf8 32. Rxf8+ Nxf8 33. Qf4 Nd7
34. g5 g6 35. Kb1 Qg7 36. Re1 c5 37. a3 Kc7 38. Re3 b5 39. Qf1 Kc6 40. Qf3 c4
41. Qf4 Qh7 42. Ka2 a5 43. b4 Qh1 44. Qf7 Qc1 45. Qxe6+ Kc7 46. Qd6+ Kd8 47. Rc3
Qe1 48. e6 1-0

[Event "XIII MIEDZYNARODOWY FESTIWAL SZACHOWY PERLA BALTYKU - GRUPA A"]
[Site "LAZY - OW BRYZA"]
[Date "1899-12-30"]
[Round "2.2"]
[White "Czaplewska, Klara"]
[Black "Wozniak, Mariola"]
[Result "1/2-1/2"]
[WhiteTitle "k+"]
[BlackTitle "WIM"]
[WhiteElo "1920"]
[BlackElo "2204"]

1. e4 c5 2. Nf3 d6 3. d4 cxd4 4. Nxd4 Nf6 5. Nc3 a6 6. Be2 e6 7. O-O Be7 8. Be3
O-O 9. a4 b6 10. f4 Bb7 11. Bf3 Qc7 12. Qe1 Nc6 13. Qg3 Rfe8 14. Rad1 Nd7 15.
f5 Nxd4 16. Bxd4 e5 17. Be3 Bc6 18. Kh1 Kh8 19. Bh5 Rf8 20. Qh3 Nf6 21. Bf3 Qb7
22. Bg5 Ng8 23. Bc1 Nf6 24. Bg5 Ng8 25. Bc1 Nf6 26. Bg5 1/2-1/2

[Event "XIII MIEDZYNARODOWY FESTIWAL SZACHOWY PERLA BALTYKU - GRUPA A"]
[Site "LAZY - OW BRYZA"]
[Date "1899-12-30"]
[Round "2.3"]
[White "Swiech, Przemyslaw"]
[Black "Jedrocha, Katarzyna"]
[Result "1-0"]
[WhiteTitle "I++"]
[BlackTitle "k"]
[WhiteElo "2176"]
[BlackElo "1898"]

1. d4 f5 2. c4 Nf6 3. Nc3 g6 4. f3 Bg7 5. Bg5 d6 6. Qd2 O-O 7. Bh6 e5 8. Bxg7 Kxg7
9. e3 c6 10. O-O-O Qa5 11. h3 a6 12. g4 b5 13. Bd3 b4 14. Nb1 e4 15. fxe4 Nxe4
16. Bxe4 fxe4 17. Ne2 Nd7 18. Rdf1 Qxa2 19. Qxb4 Rb8 20. Qc3 Rb3 21. Rxf8 Nxf8
22. Qd2 Rb7 23. Qc2 Be6 24. Nd2 Rb4 25. d5 Qa1+ 26. Nb1 Rb7 27. dxe6 Nxe6 28.
Qc3+ Kg8 29. Qa3 Qxa3 30. Nxa3 Nc5 31. Kc2 Nd3 32. b3 Rf7 33. Nb1 Rf2 34. Nbc3
Nb4+ 35. Kd2 d5 36. cxd5 cxd5 37. Ra1 Rh2 38. Ra4 1-0

[Event "XIII MIEDZYNARODOWY FESTIWAL SZACHOWY PERLA BALTYKU - GRUPA A"]
[Site "LAZY - OW BRYZA"]
[Date "1899-12-30"]
[Round "2.4"]
[White "Tustanowski, Mateusz"]
[Black "Sygulski, Pawel"]
[Result "0-1"]
[WhiteTitle "I++"]
[BlackTitle "k"]
[WhiteElo "1916"]
[BlackElo "2143"]

1. e4 d5 2. exd5 Qxd5 3. Nc3 Qa5 4. d4 Nf6 5. Bc4 Bf5 6. Nf3 e6 7. O-O c6 8. Bf4
Bb4 9. Ne2 Nbd7 10. c3 Be7 11. Ng3 Bg6 12. Ne5 Nxe5 13. Bxe5 b5 14. Be2 O-O 15.
f4 Nd5 16. f5 Ne3 17. Qd2 Nxf5 18. Nxf5 Bxf5 19. Qf4 Qd8 20. b4 Rc8 21. Qe3 Bg6
22. a4 a6 23. axb5 axb5 24. Ra7 Ra8 25. Rfa1 Rxa7 26. Rxa7 Bg5 27. Qf3 Qd5 28.
Qxd5 exd5 29. Rc7 f6 30. Bd6 Be3+ 31. Kh1 Ra8 32. h3 Be4 33. Rxc6 Ra1+ 34. Kh2
Ra2 35. Rc8+ Kf7 36. Bf1 Rf2 37. Rc7+ Ke6 38. Rc6 Kd7 39. Bxb5 Rxg2+ 40. Kh1 Re2#
0-1

[Event "XIII MIEDZYNARODOWY FESTIWAL SZACHOWY PERLA BALTYKU - GRUPA A"]
[Site "LAZY - OW BRYZA"]
[Date "1899-12-30"]
[Round "2.5"]
[White "Malaczek, Mateusz"]
[Black "Mielczarski, Miroslaw"]
[Result "1/2-1/2"]
[WhiteTitle "II+"]
[BlackTitle "k"]
[WhiteElo "1905"]
[BlackElo "2095"]

1. c4 c6 2. Nf3 d5 3. d4 Nf6 4. g3 e6 5. Bg2 Nbd7 6. O-O dxc4 7. a4 Bb4 8. Qc2
O-O 9. Qxc4 a5 10. Rd1 Qe7 11. Bf4 h6 12. Qc2 Nd5 13. Nc3 Nxf4 14. gxf4 Rd8 15.
Ne4 Nf6 16. Ne5 Bd7 17. Kh1 Be8 18. e3 Nd5 19. Rg1 f6 20. Nd3 Bg6 21. Qe2 Qf7
22. Bf3 Bf8 23. Rg3 Rac8 24. Rag1 Bh7 25. Rh3 Kh8 26. Ng3 Nb4 27. Nxb4 axb4 28.
Be4 c5 29. Bxh7 Kxh7 30. dxc5 Rxc5 31. Ne4 Rcd5 32. Qc2 Kh8 33. f3 e5 34. fxe5
Rxe5 35. f4 Ree8 36. Qg2 Qd5 37. Nf2 Qxg2+ 38. Kxg2 Rd2 39. b3 Bc5 40. Rd1 Red8
41. Rxd2 Rxd2 42. Kf3 f5 43. Rg3 b6 44. a5 bxa5 45. Rg6 a4 46. bxa4 b3 47. Rc6
Ba7 48. Rc7 b2 49. Rb7 Bc5 50. a5 Kh7 51. a6 Rd6 52. Rxb2 Rxa6 1/2-1/2

[Event "XIII MIEDZYNARODOWY FESTIWAL SZACHOWY PERLA BALTYKU - GRUPA A"]
[Site "LAZY - OW BRYZA"]
[Date "1899-12-30"]
[Round "2.6"]
[White "Nowak, Mikolaj"]
[Black "Szmidt, Przemyslaw"]
[Result "1/2-1/2"]
[WhiteTitle "I++"]
[BlackTitle "I++"]
[WhiteElo "2080"]
[BlackElo "1856"]

1. d4 e6 2. Nf3 Nf6 3. g3 d5 4. Bg2 c5 5. O-O Nc6 6. c4 dxc4 7. Qa4 Qa5 8. Qxc4
Qb4 9. Qxb4 cxb4 10. Nbd2 Be7 11. e4 O-O 12. e5 Nd5 13. Ne4 h6 14. Rd1 b6 15.
b3 Ba6 16. Bb2 Rfd8 17. Rac1 Rac8 18. Bf1 Bb7 19. Rc4 Na5 20. Rxc8 Rxc8 21. Rc1
Nc3 22. Nfd2 Nxa2 23. Rxc8+ Bxc8 24. Bd3 Bb7 25. Bc2 Bd5 26. Kf1 Kf8 27. Ke2 Ke8
28. Kd3 Kd7 29. Bb1 Nc3 30. Nxc3 bxc3 31. Kxc3 Nc6 32. Nc4 b5 33. Ne3 Bf3 34.
Bd3 a6 35. Kd2 Nb4 36. Bc3 Kc6 37. Be2 Bxe2 38. Bxb4 Bxb4+ 39. Kxe2 a5 40. Nc2
Bc3 41. Kd3 Bb2 42. f4 a4 43. Nb4+ Kb6 44. bxa4 bxa4 45. Kc4 a3 46. d5 exd5+ 47.
Kxd5 Kb5 48. Na2 Ka4 49. Kc4 g5 50. h3 gxf4 51. gxf4 Ka5 52. Kd5 Ka4 53. Kc4 Ka5
54. h4 h5 55. Kd5 Ka4 56. Kc4 Ka5 1/2-1/2

[Event "XIII MIEDZYNARODOWY FESTIWAL SZACHOWY PERLA BALTYKU - GRUPA A"]
[Site "LAZY - OW BRYZA"]
[Date "1899-12-30"]
[Round "2.7"]
[White "Luczak, Filip"]
[Black "Sernecki, Franciszek"]
[Result "0-1"]
[WhiteTitle "I"]
[BlackTitle "I"]
[WhiteElo "1865"]
[BlackElo "2039"]

1. Nf3 d5 2. g3 Nf6 3. Bg2 e6 4. O-O Be7 5. d4 O-O 6. b3 c5 7. Bb2 Nc6 8. Nbd2
b5 9. dxc5 Bxc5 10. Ne5 Nxe5 11. Bxe5 b4 12. c4 bxc3 13. Bxc3 Rb8 14. Nf3 Ne4
15. Bd4 Qb6 16. Bxc5 Qxc5 17. Ne5 Nc3 18. Qd2 Qd4 19. Nd3 Ba6 20. Rac1 Nxe2+ 21.
Qxe2 Bxd3 22. Qd2 e5 23. Rfd1 e4 24. Bf1 Rfd8 25. Bxd3 exd3 26. Qxd3 Qxd3 27.
Rxd3 Rd7 28. Rd4 Rbd8 29. Kf1 Kf8 30. Ke2 Ke7 31. Kd3 Kd6 32. b4 Ke5 33. f4+ Kf5
34. h3 h5 35. Rc6 Rd6 36. Rxd6 Rxd6 37. b5 Ke6 38. Rb4 Rd7 39. a4 Kd6 40. Kd4
Re7 41. Kd3 Kc5 42. Rb2 Re4 43. a5 Re7 44. b6 axb6 45. axb6 Rb7 46. Rc2+ Kd6 47.
Rb2 Kc5 48. Rc2+ Kxb6 49. Kd4 Re7 50. Kxd5 Re3 51. Rg2 Kc7 52. Kd4 Re1 53. h4
Kd6 54. g4 hxg4 55. Rxg4 g6 56. Rg5 Rh1 57. Rd5+ Ke6 58. Re5+ Kf6 59. Ra5 Rxh4
60. Ke3 Rh5 61. Ra7 Ke6 62. Kf3 Rh3+ 63. Kg4 Rh1 64. Ra6+ Ke7 65. Ra7+ Kf6 66.
Ra6+ Kg7 67. Ra5 Rg1+ 68. Kf3 f5 69. Ra7+ Kh6 70. Ra8 Rb1 71. Ra3 Kh5 72. Kg3
Rg1+ 73. Kh3 Rg4 74. Rf3 Kh6 75. Rf2 Kg7 76. Rf3 Kf6 77. Rf2 Ke6 78. Re2+ Kd6
79. Ra2 Kd5 80. Ra4 Ke6 81. Ra6+ Kf7 82. Ra4 Kg7 83. Rb4 Kh6 84. Ra4 Kh5 85. Rb4
g5 86. Rb8 Rxf4 87. Kg3 Rc4 88. Rh8+ Kg6 89. Rg8+ Kf6 90. Rf8+ Ke6 91. Rg8 Rc3+
92. Kg2 Kf6 93. Rf8+ Ke5 94. Re8+ Kf4 95. Re2 Kg4 96. Kf2 f4 97. Rd2 Rh3 98. Kg2
f3+ 99. Kg1 Rh8 100. Rd4+ Kg3 101. Rd2 f2+ 102. Rxf2 Rh1+ 103. Kxh1 Kxf2 0-1

[Event "XIII MIEDZYNARODOWY FESTIWAL SZACHOWY PERLA BALTYKU - GRUPA A"]
[Site "LAZY - OW BRYZA"]
[Date "1899-12-30"]
[Round "2.8"]
[White "Pietrucha, Jaroslaw"]
[Black "Franckowski, Janusz"]
[Result "1/2-1/2"]
[WhiteTitle "I"]
[BlackTitle "I"]
[WhiteElo "1847"]
[BlackElo "2033"]

1. e4 e5 2. Nf3 Nc6 3. d4 exd4 4. Nxd4 Bc5 5. Be3 Bb6 6. Nxc6 bxc6 7. Bxb6 axb6
8. Be2 d6 9. O-O Nf6 10. Nc3 O-O 11. Qd2 Re8 12. f3 Qe7 13. Rfe1 d5 14. Bd3 d4
15. Ne2 c5 16. Ng3 Be6 17. b3 c6 18. a4 Qd7 19. f4 Qc7 20. f5 Bc8 21. Qg5 h6 22.
Qh4 Ba6 23. Rf1 Bxd3 24. cxd3 b5 25. Nh5 Nxh5 26. Qxh5 Qe5 27. Qg4 f6 28. axb5
cxb5 29. Rfc1 Qc7 30. Qe2 Qf4 31. Qf2 Qd6 32. g3 Rxa1 33. Rxa1 c4 34. bxc4 bxc4
35. dxc4 Rxe4 36. Qa2 Qe5 37. c5+ Kh7 38. Qe6 Qxe6 39. fxe6 Rxe6 40. Rd1 Rc6 41.
Rxd4 Rxc5 42. Rd2 Kg6 43. Kg2 h5 44. h3 Rc4 45. Rf2 h4 46. g4 Rc5 47. Ra2 Kg5
48. Ra7 g6 49. Ra2 Rc3 50. Rb2 Rg3+ 51. Kh2 Re3 52. Rg2 Kf4 53. Rf2+ Ke5 54. Ra2
f5 55. Ra6 Re2+ 56. Kg1 fxg4 57. Rxg6 g3 58. Rg4 Re4 59. Rg8 Kf4 60. Rf8+ Ke3
61. Rh8 Rf4 62. Kg2 Rf2+ 63. Kg1 Rf4 64. Kg2 Re4 65. Rf8 Ke2 66. Rh8 Ke1 67. Kg1
Rf4 68. Kg2 Ke2 69. Re8+ Kd3 70. Rh8 Ke4 71. Re8+ Kf5 72. Re2 Re4 73. Ra2 Kf4
74. Rb2 Rd4 75. Rb8 Rd2+ 76. Kg1 Rh2 77. Rb4+ Kg5 78. Rb5+ Kf6 79. Rb6+ Ke7 80.
Rb7+ Kd6 81. Rb6+ Kc5 82. Re6 Kd5 83. Re3 Kd4 84. Re8 Rxh3 85. Re2 Kd3 86. Ra2
Kc4 87. Rc2+ Kd4 88. Ra2 g2 89. Ra4+ Ke5 90. Kxg2 1/2-1/2

[Event "XIII MIEDZYNARODOWY FESTIWAL SZACHOWY PERLA BALTYKU - GRUPA A"]
[Site "LAZY - OW BRYZA"]
[Date "1899-12-30"]
[Round "2.9"]
[White "Stylinski, Piotr"]
[Black "Wacior, Maciej"]
[Result "1-0"]
[WhiteTitle "I"]
[BlackTitle "I++"]
[WhiteElo "1815"]
[BlackElo "2025"]

1. e4 c6 2. Nc3 d5 3. Nf3 Bg4 4. h3 Bxf3 5. Qxf3 Nf6 6. d3 e6 7. g3 a5 8. Bg2 a4
9. a3 Qb6 10. O-O Be7 11. Rb1 d4 12. Ne2 Bxa3 13. Nxd4 Bc5 14. Ne2 a3 15. Ra1
a2 16. b3 Nbd7 17. Bb2 O-O 18. Nc1 Bd4 19. c3 Be5 20. d4 Bc7 21. Qd1 e5 22. Rxa2
Rxa2 23. Nxa2 exd4 24. cxd4 c5 25. e5 Ne8 26. f4 Qa7 27. Nc3 Bb6 28. d5 c4+ 29.
Kh2 cxb3 30. Qxb3 Nc5 31. Qa3 Na6 32. d6 Bc5 33. Qb3 b6 34. Ra1 1-0

[Event "XIII MIEDZYNARODOWY FESTIWAL SZACHOWY PERLA BALTYKU - GRUPA A"]
[Site "LAZY - OW BRYZA"]
[Date "1899-12-30"]
[Round "2.10"]
[White "Budnik, Mateusz"]
[Black "Kosiba, Marcin"]
[Result "1/2-1/2"]
[WhiteTitle "I++"]
[BlackTitle "II"]
[WhiteElo "1989"]
[BlackElo "1832"]

1. e4 Nc6 2. Bb5 e6 3. Nf3 d5 4. Nc3 a6 5. Bxc6+ bxc6 6. e5 Ne7 7. O-O Ng6 8. d3
Be7 9. Re1 c5 10. Ne2 Bb7 11. c3 Qd7 12. Ng3 h5 13. h3 h4 14. Nf1 d4 15. c4 f6
16. Qe2 Nf8 17. N3d2 f5 18. Nb3 a5 19. Bd2 Qa4 20. Nh2 g5 21. f3 Ng6 22. Qd1 Kf7
23. Qc2 Nf8 24. Nxd4 Qd7 25. Nb5 Ng6 26. Rad1 Rag8 27. Kh1 Nf4 28. Bxf4 gxf4 29.
d4 cxd4 30. Nxd4 Qc8 31. Nb5 Rg3 32. Re2 Rhg8 33. Qd2 Rd8 34. Qc1 Rxd1+ 35. Qxd1
Rg8 36. Rd2 Bc6 37. Na7 Qb7 38. Nxc6 Qxc6 39. Qe2 Bc5 40. Nf1 Bb6 41. Qd3 Ke7
42. Rd1 Re8 43. b3 Kf7 44. Qd7+ Qxd7 45. Rxd7+ Re7 46. Rd8 Re8 47. Rd7+ Re7 48.
Rd8 Re8 49. Rd3 Ke7 50. Nd2 Rd8 51. Rxd8 Kxd8 52. Nb1 Kd7 53. Nc3 Be3 54. Na4
Kc6 55. Kh2 Bf2 56. a3 Bd4 57. b4 Kb7 58. Kh1 Kc6 59. Kh2 Kb7 1/2-1/2

[Event "XIII MIEDZYNARODOWY FESTIWAL SZACHOWY PERLA BALTYKU - GRUPA A"]
[Site "LAZY - OW BRYZA"]
[Date "1899-12-30"]
[Round "2.11"]
[White "Ciesielski, Jan"]
[Black "Litner, Igor"]
[Result "0-1"]
[WhiteTitle "II+"]
[BlackTitle "I+"]
[WhiteElo "1669"]
[BlackElo "1949"]

1. d4 Nf6 2. c4 g6 3. Nc3 d5 4. Nf3 Bg7 5. e3 O-O 6. Bd3 Bg4 7. h3 Bxf3 8. Qxf3
e6 9. O-O c6 10. b3 Nbd7 11. Rd1 Nh5 12. g4 Nhf6 13. e4 e5 14. exd5 exd4 15. dxc6
Ne5 16. Qg3 Nxd3 17. cxb7 Nxc1 18. bxa8=Q Qxa8 19. Rxd4 Nh5 20. gxh5 Nxb3 21.
axb3 Bxd4 22. Rc1 Kh8 23. h6 Re8 24. Nd5 Be5 25. Qg5 f6 26. Nxf6 Qd8 27. Ne4 Qxg5+
28. Nxg5 Bf4 29. Ra1 Bxg5 30. Rxa7 Bxh6 31. c5 Rc8 32. b4 Bd2 33. Rb7 Kg8 34.
Kg2 Kh8 35. Kf3 Be1 36. Ke3 h5 37. f3 h4 38. Ke4 g5 39. Kd5 Bg3 40. b5 Rd8+ 41.
Ke6 Re8+ 42. Re7 Rf8 43. c6 Rxf3 44. b6 Rb3 45. b7 g4 46. Kd7 gxh3 47. Re6 h2
48. c7 Rxb7 49. Re8+ Kg7 50. Re7+ Kg6 0-1

[Event "XIII MIEDZYNARODOWY FESTIWAL SZACHOWY PERLA BALTYKU - GRUPA A"]
[Site "LAZY - OW BRYZA"]
[Date "1899-12-30"]
[Round "2.12"]
[White "Zadkowski, Zbigniew"]
[Black "Darowicki, Mariusz"]
[Result "0-1"]
[WhiteTitle "II"]
[BlackTitle "I++"]
[WhiteElo "1584"]
[BlackElo "1931"]

1. e4 Nf6 2. e5 Nd5 3. c4 Nb6 4. Nc3 d6 5. exd6 exd6 6. d4 Bf5 7. Bd3 Bxd3 8. Qxd3
Nc6 9. a3 Qh4 10. Nf3 Qg4 11. O-O O-O-O 12. b4 Be7 13. Be3 Bf6 14. h3 Qg6 15.
Qe2 Rhe8 16. Qa2 Qd3 17. c5 dxc5 18. bxc5 Nc4 19. Rfd1 Qxc3 20. Rac1 Nxe3 21.
Rxc3 Nxd1 22. Rd3 Nxd4 23. Nxd4 Re1+ 24. Kh2 Bxd4 25. Qd2 Be5+ 26. g3 Rxd3 27.
Qxd3 g6 28. Kg2 Nc3 29. Qc4 Re2 30. Qxf7 Bd4 31. Qg8+ Kd7 32. Qxh7+ Kc6 33. Qxg6+
Kxc5 34. Qf5+ Nd5 35. Qg5 Rxf2+ 36. Kh1 Kc4 37. Qc1+ Nc3 38. h4 Kd3 39. h5 Ne2
40. Qxc7 Rf3 41. g4 Nf4 42. Qh7+ Kd2 0-1

[Event "XIII MIEDZYNARODOWY FESTIWAL SZACHOWY PERLA BALTYKU - GRUPA A"]
[Site "LAZY - OW BRYZA"]
[Date "1899-12-30"]
[Round "2.13"]
[White "Zerafa, Patrick"]
[Black "Grzesik, Gracjan"]
[Result "0-1"]
[WhiteTitle "CM"]
[BlackTitle "I"]
[WhiteElo "2046"]
[BlackElo "1712"]

1. d4 d5 2. c4 e6 3. Nf3 Nf6 4. e3 Be7 5. Bd3 O-O 6. O-O b6 7. Nc3 Bb7 8. cxd5
exd5 9. Ne5 Nbd7 10. f4 Rc8 11. Qa4 a6 12. b4 b5 13. Qb3 Nb6 14. Rf3 Nc4 15. a3
Ne4 16. Ra2 Bd6 17. Qc2 f5 18. Rh3 Qe7 19. Nxe4 fxe4 20. Bf1 Bxe5 21. fxe5 Rf5
22. Bd2 Rcf8 23. Be2 Rf1+ 24. Bxf1 Qf7 25. Rf3 exf3 26. Bc1 Qh5 27. Qd3 Qh4 28.
g3 Qe4 29. Rf2 Bc6 30. Qc3 Qg4 31. a4 h5 32. Kh1 h4 33. axb5 hxg3 34. hxg3 Qxg3
35. Rh2 f2 36. Rg2 Qh3+ 0-1

[Event "XIII MIEDZYNARODOWY FESTIWAL SZACHOWY PERLA BALTYKU - GRUPA A"]
[Site "LAZY - OW BRYZA"]
[Date "1899-12-30"]
[Round "2.14"]
[White "Kapral, Krzysztof"]
[Black "Karpinski, Andrzej"]
[Result "1-0"]
[WhiteTitle "k"]
[BlackTitle "I"]
[WhiteElo "1939"]
[BlackElo "1658"]

1. d4 Nf6 2. Nf3 e6 3. Bf4 d5 4. e3 c5 5. c3 Nc6 6. Nbd2 cxd4 7. exd4 Bd6 8. Ne5
Nxe5 9. Bxe5 Bxe5 10. dxe5 Nd7 11. Nf3 O-O 12. Bb5 Qb6 13. Bxd7 Bxd7 14. Qb3 Qa6
15. h4 Qa4 16. Qxa4 Bxa4 17. Nd4 Bd7 18. Rh3 f6 19. Re3 f5 20. Kd2 b5 21. Nb3
Kf7 22. Na5 Rab8 23. a3 Ke7 24. Rh1 g6 25. f4 Rg8 26. Rg3 h5 27. Rc1 Kf7 28. Rd3
Ke7 29. Rd4 Rgc8 30. b3 Be8 31. c4 bxc4 32. bxc4 Rb2+ 33. Rc2 Rxc2+ 34. Kxc2 Bb5
35. Kb3 dxc4+ 36. Nxc4 Bxc4+ 37. Rxc4 Rb8+ 38. Rb4 Rb6 39. Kc3 Kd7 40. Ra4 a6
41. Rd4+ Kc7 42. Rd3 Kc8 43. Rg3 a5 44. Rxg6 a4 45. Kc4 Kc7 46. Rg3 Rb1 47. Kc5
Rb3 48. Rg7+ Kb8 49. Re7 Rxa3 50. Rxe6 Rg3 51. Ra6 Rxg2 52. Rxa4 Rg4 53. e6 Kc7
54. e7 Kd7 55. Ra7+ 1-0

[Event "XIII MIEDZYNARODOWY FESTIWAL SZACHOWY PERLA BALTYKU - GRUPA A"]
[Site "LAZY - OW BRYZA"]
[Date "1899-12-30"]
[Round "2.15"]
[White "Pisarek, Jan"]
[Black "Bartoszewicz, Marcin"]
[Result "0-1"]
[WhiteTitle "II"]
[BlackTitle "I++"]
[WhiteElo "1318"]
[BlackElo "1915"]

1. e4 e5 2. Nf3 Nc6 3. Nc3 Nf6 4. d4 exd4 5. Nxd4 Be7 6. Bc4 O-O 7. O-O d6 8. h3
Na5 9. Bb3 c5 10. Nde2 Bd7 11. Bd5 Rc8 12. a4 Nc6 13. Be3 Nb4 14. f4 Nfxd5 15.
Nxd5 Nxd5 16. exd5 Bf6 17. c3 Re8 18. Qd2 g6 19. g4 Qe7 20. Rf3 Qe4 21. Kg2 Bh4
22. Ng3 Bxg3 23. Kxg3 Bxa4 24. f5 Bb3 25. Bh6 Qxd5 26. fxg6 hxg6 27. Rd3 Qe4 28.
Rxa7 Re6 29. Re3 Qd5 30. Rxe6 Qxe6 31. Rxb7 Bd5 32. Rb6 Qe4 33. Qf2 Qe6 34. Bf4
Bc6 35. Qd2 d5 36. Qf2 Qe7 37. Be3 Qc7+ 38. Kh4 Qxb6 39. Qf6 Qd8 0-1

[Event "XIII MIEDZYNARODOWY FESTIWAL SZACHOWY PERLA BALTYKU - GRUPA A"]
[Site "LAZY - OW BRYZA"]
[Date "1899-12-30"]
[Round "2.16"]
[White "Losinska, Aleksandra"]
[Black "Kostecka, Marika"]
[Result "1-0"]
[WhiteTitle "I"]
[BlackTitle "I++"]
[WhiteElo "1551"]
[BlackElo "1809"]

1. e4 c5 2. Nf3 d6 3. Bb5+ Nd7 4. O-O Ngf6 5. Re1 a6 6. Bf1 e6 7. c3 Be7 8. d4
b5 9. e5 Nd5 10. exd6 Bf6 11. dxc5 Bb7 12. c4 bxc4 13. Bxc4 O-O 14. Qc2 Rc8 15.
Qe2 Nxc5 16. Bxd5 Bxd5 17. Nc3 Bxc3 18. bxc3 Qxd6 19. Rd1 Na4 20. Qd3 Rxc3 21.
Qd4 Ra3 22. Bxa3 Qxa3 23. Rd3 Qb2 24. Qxb2 Nxb2 25. Ra3 Bc4 26. Ne5 Bb5 27. Rc1
Rd8 28. h3 f6 29. Nc6 Rd6 30. Nb4 Nc4 31. Rac3 a5 32. Nd3 Nb6 33. Nc5 a4 34. Nb7
Rd5 35. Rb1 Nc4 36. Rb4 Ne5 37. Rc8+ Kf7 38. Rxb5 1-0

[Event "XIII MIEDZYNARODOWY FESTIWAL SZACHOWY PERLA BALTYKU - GRUPA A"]
[Site "LAZY - OW BRYZA"]
[Date "1899-12-30"]
[Round "2.17"]
[White "Hilarecki, Grzegorz"]
[Black "Pietras, Maksymilian"]
[Result "1-0"]
[WhiteTitle "k"]
[BlackTitle "II+"]
[WhiteElo "2105"]
[BlackElo "1615"]

1. d4 Nf6 2. Nf3 d5 3. Bf4 e6 4. e3 Bd6 5. Ne5 a6 6. Nd2 Qe7 7. Bd3 Nbd7 8. Qe2
c5 9. c3 Nf8 10. Bg5 h6 11. Bh4 g5 12. Bg3 h5 13. h4 g4 14. O-O-O Qc7 15. Kb1
N8d7 16. f4 c4 17. Bc2 b5 18. e4 dxe4 19. Nxe4 Bb7 20. Nxf7 Nxe4 21. Nxh8 Ndf6
22. Ng6 O-O-O 23. Bh2 b4 24. cxb4 Bxb4 25. Ne5 Bd5 26. Bxe4 Bxe4+ 27. Ka1 Bd5
28. Rc1 c3 29. Qxa6+ Bb7 30. Qxe6+ Kb8 31. Qb3 Nd5 32. f5 1-0

[Event "XIII MIEDZYNARODOWY FESTIWAL SZACHOWY PERLA BALTYKU - GRUPA A"]
[Site "LAZY - OW BRYZA"]
[Date "1899-12-30"]
[Round "2.18"]
[White "Wolaniecki, Patryk"]
[Black "Mazalon, Mariusz"]
[Result "1-0"]
[WhiteTitle "I"]
[BlackTitle "k"]
[WhiteElo "1597"]
[BlackElo "2050"]

1. e4 g6 2. d4 Bg7 3. Nf3 c6 4. Bd3 d5 5. e5 Nh6 6. O-O O-O 7. h3 f6 8. Re1 Nf7
9. Bf4 a5 10. c3 Na6 11. Nbd2 Nc7 12. Qc2 Ne6 13. Bg3 c5 14. Bf1 a4 15. dxc5 Nxc5
16. exf6 Bxf6 17. Rad1 Qb6 18. Re3 Bf5 19. Qc1 Rac8 20. Nb1 Ne4 21. Bh2 d4 22.
Re2 dxc3 23. bxc3 Nxc3 24. Nxc3 Rxc3 25. Qf4 a3 26. Red2 Rfc8 27. Rd5 Rc2 28.
Bg3 e5 29. Qa4 Rxa2 30. Rb5 Qc6 31. Qa7 Rb2 32. Ra5 a2 33. Rxa2 Rxa2 34. Qxa2
Qc2 35. Rd2 Qxa2 36. Rxa2 Rc1 37. Nh2 Bd3 38. f3 Be7 39. Bf2 b5 40. Be3 Rb1 41.
Kf2 Bxf1 42. Nxf1 b4 43. Ra8+ Kg7 44. Rb8 Nd6 45. Nd2 Rb2 46. Ke1 Nf5 47. Bf2
Bg5 48. Rb7+ Kh6 1-0

[Event "XIII MIEDZYNARODOWY FESTIWAL SZACHOWY PERLA BALTYKU - GRUPA A"]
[Site "LAZY - OW BRYZA"]
[Date "1899-12-30"]
[Round "2.19"]
[White "Dluzynski, Krzysztof"]
[Black "Przerwa, Waldemar"]
[Result "0-1"]
[WhiteTitle "II"]
[BlackTitle "I"]
[WhiteElo "1547"]
[BlackElo "1780"]

1. d4 d5 2. c4 c6 3. Nc3 Nf6 4. Nf3 a6 5. e3 Bf5 6. Be2 e6 7. O-O Bd6 8. h3 h6
9. Re1 O-O 10. Bd3 dxc4 11. Bxc4 b5 12. Bd3 b4 13. Bxf5 exf5 14. Nb1 Ne4 15. Qc2
Re8 16. Nbd2 a5 17. Nc4 f6 18. Nh4 Bc7 19. b3 Qd7 20. Bb2 g5 21. Nf3 g4 22. hxg4
fxg4 23. Nfd2 Qe6 24. Rac1 Kg7 25. Nxe4 Qxe4 26. Qd1 h5 27. f3 gxf3 28. Qxf3 Qxf3
29. gxf3 Bg3 30. Re2 h4 31. Kg2 Rg8 32. Kh3 Kf7 33. Nd2 a4 34. Rc4 axb3 35. axb3
Ke6 36. Rxb4 Bd6 37. Rc4 Rg3+ 38. Kxh4 Nd7 39. f4 Rag8 40. Rxc6 Rg1 41. Nf3 Rh8#
0-1

[Event "XIII MIEDZYNARODOWY FESTIWAL SZACHOWY PERLA BALTYKU - GRUPA A"]
[Site "LAZY - OW BRYZA"]
[Date "1899-12-30"]
[Round "2.20"]
[White "Lascar, Radoslawa"]
[Black "Starosta, Martyna"]
[Result "1-0"]
[WhiteTitle "I+"]
[BlackTitle "WCM"]
[WhiteElo "1775"]
[BlackElo "1591"]

1. e4 c5 2. c3 d5 3. exd5 Qxd5 4. d4 Nc6 5. Be3 cxd4 6. cxd4 e6 7. Nc3 Qd8 8. Nf3
Nf6 9. Bb5 Bd7 10. O-O Be7 11. Qb3 O-O 12. Ne5 Qc7 13. Nxd7 Qxd7 14. Rfd1 Nd5
15. Nxd5 exd5 16. Rac1 Rac8 17. Bf4 h6 18. Qe3 Bf6 19. Qg3 Kh8 20. Be3 Qc7 21.
Qh3 Kg8 22. Bd3 Qe7 23. Qf5 g6 24. Qxd5 Rfd8 25. Qf3 Nxd4 26. Qg4 Rxc1 27. Rxc1
h5 28. Qd1 Nc6 29. Qb3 Bxb2 30. Rb1 Bf6 31. Bxg6 h4 32. Bc2 b6 33. Qa4 Nd4 34.
Qc4 Nxc2 35. Qxc2 Bg5 36. Re1 Bxe3 37. Rxe3 Qd6 38. Qe4 Qd1+ 39. Re1 Qh5 40. h3
Rd1 41. Kh2 Rxe1 42. Qxe1 Qb5 43. Qe4 Qg5 44. a4 Kf8 45. Qa8+ Kg7 46. Qe4 Kf8
47. Qa8+ Kg7 48. Qe4 Kf8 49. Qd4 Ke7 50. g3 hxg3+ 51. fxg3 Qf5 52. g4 Qc2+ 53.
Kg3 Qc7+ 54. Kh4 f6 55. Qe4+ Kf8 56. Qf5 Qf7 57. Qc8+ Kg7 58. Qc3 Kf8 59. Kg3
Qe7 60. h4 Qd6+ 61. Kf3 Qd1+ 62. Kg3 Qg1+ 63. Kf3 Qf1+ 64. Kg3 Qg1+ 65. Kf3 Qf1+
66. Ke4 Qh1+ 67. Kf5 Qd5+ 68. Kxf6 Qd8+ 69. Kf5 Qxh4 70. Qc8+ Ke7 71. Qc7+ Ke8
72. Qb8+ Ke7 73. Qxa7+ Ke8 74. Qxb6 Qg3 75. Qc6+ Kd8 76. Qd5+ Kc8 77. a5 Qf2+
78. Kg6 Qh4 79. g5 Qa4 80. Kf6 Qa1+ 81. Qe5 Qh1 82. g6 Qh8+ 83. g7 Qh4+ 84. Kf7
Qf2+ 85. Kg8 Qa2+ 86. Kh8 1-0

[Event "XIII MIEDZYNARODOWY FESTIWAL SZACHOWY PERLA BALTYKU - GRUPA A"]
[Site "LAZY - OW BRYZA"]
[Date "1899-12-30"]
[Round "2.21"]
[White "Plocica, Krzysztof"]
[Black "Gorkiewicz, Mateusz"]
[Result "1-0"]
[WhiteTitle "II"]
[BlackTitle "II+"]
[WhiteElo "1439"]
[BlackElo "1764"]

1. e4 e5 2. Nf3 Nc6 3. Nc3 Nf6 4. d4 Bb4 5. Nxe5 Qe7 6. Nxc6 Qxe4+ 7. Be2 Qxc6
8. O-O Bxc3 9. bxc3 O-O 10. c4 h6 11. d5 Qa4 12. a3 d6 13. Rb1 a5 14. Rb3 b6 15.
Bxh6 Ne4 16. Qd4 gxh6 17. Qxe4 Qd7 18. Rg3+ Kh8 19. Qh4 Kh7 20. Qf6 Rg8 21. Bd3+
1-0

[Event "XIII MIEDZYNARODOWY FESTIWAL SZACHOWY PERLA BALTYKU - GRUPA A"]
[Site "LAZY - OW BRYZA"]
[Date "1899-12-30"]
[Round "2.22"]
[White "Wojcik, Jagoda"]
[Black "Kabacinski, Krzysztof"]
[Result "1/2-1/2"]
[WhiteTitle "I+"]
[BlackTitle "II"]
[WhiteElo "1730"]
[BlackElo "1556"]

1. e4 c6 2. Nf3 d5 3. exd5 cxd5 4. Ne5 Nf6 5. d4 Nc6 6. Bb5 Bd7 7. Nc3 a6 8. Bxc6
Bxc6 9. O-O e6 10. f4 Bb4 11. Ne2 Bb5 12. f5 O-O 13. Bg5 Be7 14. Rf3 Ne4 15. Bxe7
Qxe7 16. fxe6 fxe6 17. Nc3 Rxf3 18. Qxf3 Rf8 19. Qe3 Nxc3 20. Qxc3 Qf6 21. Qf3
Qh6 22. Qh3 Qxh3 23. gxh3 Rc8 24. Rc1 a5 25. Kf2 a4 26. c3 Rf8+ 1/2-1/2